How to conduct a domestic inquiry

Bibliographic Details
Main Author: ANG
Format: Book
Published: Petaling Jaya, Selangor : Pelanduk Pub , 1996
Subjects:

MARC

LEADER 00000cam a2200000 7i4500
001 0000000598
005 20000911.0
020 0 0 |a 9679785343 
090 0 0 |a 344.595012596   |b ANG 1996 
100 1 0 |a ANG   |h Linda 
245 1 1 |a How to conduct a domestic inquiry   |c Linda Ang 
260 0 0 |a Petaling Jaya, Selangor :   |b Pelanduk Pub ,   |c 1996 
300 |a xi, 46 p. ;   |c 22 cm. 
500 0 0 |a Includes index 
650 0 0 |a Employees   |x Dismissal of   |x Law and legislation   |z Malaysia 
650 0 0 |a Labor courts   |z Malaysia 
999 |a 0000001885   |b Monograph   |c Open Shelf   |e Default branch